Couvertures des Jeux NHL - Statistiques

Statistiques générales
  • Ce quiz a été pris 84 fois
  • Le résultat moyen est 9 sur 34
Statistiques - réponses
Hint Réponse % Correct
NHL 25 2024 Quinn Hughes
86%
NHL 24 2023 Cale Makar
72%
NHL 22 2021 Austin Matthews
70%
NHL 20 2019 Austin Matthews
62%
NHL 19 2018 P.K. Subban
62%
NHL 21 2020 Alexander Ovechkin
56%
NHL 18 2017 Connor McDavid
56%
NHL 23 2022 Trevor Zegras et Sarah Nurse
54%
NHL 16 2015 Jonathan Toews
50%
NHL 14 2013 Martin Brodeur
44%
NHL 15 2014 Patrice Bergeron
42%
NHL 17 2016 Vladimir Tarasenko
40%
NHL 13 2012 Claude Giroux
28%
NHL 12 2011 Steven Stamkos
28%
NHL 07 2006 Alexander Ovechkin
18%
NHL 11 2010 Jonathan Toews
16%
NHL 06 2005 Vincent Lecavalier
16%
NHL 2002 2001 Mario Lemieux
12%
NHL 2003 2002 Jarome Iginla
10%
NHL 99 1998 Eric Lindros
8%
NHL 2005 2004 Markus Naslund
8%
NHL 2001 2000 Owen Nolan
8%
NHL 98 1997 Peter Forsberg
8%
NHL 2000 1999 Chris Pronger
6%
NHL 2004 2003 Dany Heatley et Joe Sakic
6%
NHL 09 2008 Dion Phaneuf
6%
NHL 08 2007 Eric Stall
4%
NHL 97 1996 John Vanbiesbrouck
4%
NHL 96 1995 Scott Stevens et Steve Yzerman
2%
NHL 95 1994 Alexei Kovalev et Kirk McLean
0%
NHL Hockey 1991 Glenn Healy
0%
NHL 10 2009 Patrick Kaine
0%
NHLPA Hockey '93 1992 Rod Brind'Amour, Mike Richter et Randy Moller
0%
NHL '94 1993 Thomas Sandstrom et Andy Moog
0%
Aucun quiz correspondant
Distribution des résultats
% des personnes avec chaque résultat
Percentile par nombre de réponses
Votre historique - résultats
Vous n’avez pas pris ce quiz